| 000 | 00399nam a22001457a 4500 | ||
|---|---|---|---|
| 005 | 20151130143908.0 | ||
| 008 | 151130b xxu||||| |||| 00| 0 eng d | ||
| 040 | _cPK-LaUMT | ||
| 082 |
_aMSC 891.4397 _bYOU-S |
||
| 100 | _aیونس بٹ، محمد | ||
| 245 |
_aشناخت پریڈ _cمحمد یونس بٹ |
||
| 260 |
_aلاہور _bاروما پبلشرز _c1989 |
||
| 300 | _a100 ص | ||
| 942 | _cBK | ||
| 999 |
_c79254 _d79254 |
||